| 000 | 00000nas 2200000za 4500 |
| 001 | 9.503183 |
| 003 | CaOODSP |
| 005 | 20231005112233 |
| 007 | cr ||||||||||| |
| 008 | 150406d20112012xxc|| p o||||f| |0fre|d |
| 040 | |aCaOODSP|bfre |
| 043 | |an-cn--- |
| 086 | 1 |aCi1-11F-EPUB |
| 245 | 10|aDécouvrir le Canada : |bles droits et responsabilités liés à la citoyenneté. |
| 264 | 1|aOttawa, Ontario : |bCitoyenneté et immigration Canada |
| 310 | |aIrrégulier |
| 362 | 1 |aParaît depuis 2011; ne paraît plus après 2012. |
| 710 | 1 |aCanada. |bCitoyenneté et immigration Canada, |eorganisme de publication. |
| 775 | 08|tDiscover Canada : |w(CaOODSP)9.506788 |
| 776 | 0#|tDécouvrir le Canada : |w(CaOODSP)9.514078 |
| 776 | 0#|tDécouvrir le Canada : |w(CaOODSP)9.514129 |
| 776 | 0#|tDécouvrir le Canada : |w(CaOODSP)9.514134 |